| 000 | 00966nam0a22002651 4500 | ||
|---|---|---|---|
| 001 | rc\402955 | ||
| 005 | 20250621073128.0 | ||
| 010 |
_a5-12-000798-8 _91150 |
||
| 035 | _a(NLR Aleph) 005651578 | ||
| 090 |
_a6777304 _c6777304 |
||
| 100 | _a20030616d1989 |||y0rusy50 ca | ||
| 101 | 0 | _arus | |
| 102 | _aRU | ||
| 105 | _aa ||||||||| | ||
| 200 | 1 |
_aГеографо-генетические аспекты почвообразования, эволюции и охраны почв _fАН УССР, Ин-т ботаники им. Н.Г. Холодного |
|
| 210 |
_aКиев _cНаукова думка _d1989 |
||
| 215 |
_a214, [2] с. _cил. _d20 |
||
| 320 | _aБиблиогр.: с. 208-215 | ||
| 700 | 1 |
_aЗонн _bС.В. _f1906- _gСергей Владимирович |
|
| 701 | 1 |
_aТравлеев _bА.П. _gАнатолий Павлович |
|
| 801 | 0 |
_aRU _bNLR _gpsbo |
|
| 801 | 1 |
_aRU _bELAR _2rusmarc |
|
| 852 |
_aNLR _j89-3/9887 |
||
| 942 | _cBOOK | ||
| 980 | _aNB | ||